Clubs ayant remporté la Serie A - Mort Subite - Statistiques

Statistiques générales
  • Ce quiz a été pris 133 fois
  • Le résultat moyen est 4 sur 12
Answers on the Grid
Answers color-coded by a green-red scale on the quiz's grid according to % correct below.
UC Sampdoria
Hellas Vérone
Cagliari Calcio
USD Novese
AS Casale
SS Lazio
ACF Fiorentina
SSC Naples
AS Rome
Genoa CFC
Bologne FC
Pro Vercelli
Atalanta Bergame
Sassuolo FC
Empoli FC
Frosinone Calcio
US Lecce
AC Monza
US Salernitana
Parma Calcio
Udinese Calcio
Pisa SC
SSC Bari
US Cremonese
 
Statistiques - réponses
Réponse % Correct
SSC Naples
87%
AS Rome
80%
SS Lazio
62%
ACF Fiorentina
53%
Bologne FC
38%
UC Sampdoria
27%
Genoa CFC
24%
Hellas Vérone
24%
Cagliari Calcio
13%
Pro Vercelli
9%
AS Casale
4%
USD Novese
2%
Aucun quiz correspondant
Distribution des résultats
% des personnes avec chaque résultat
Percentile par nombre de réponses
Votre historique - résultats
Vous n’avez pas pris ce quiz